[Event "CAN-ch U12"]
[Site "Ottawa"]
[Date "2007.07.03"]
[Round "2"]
[White "Xu, Jun Rui"]
[Black "Godreau, Kieran"]
[Result "1-0"]
[WhiteElo "1437"]
[BlackElo "1090"]
[PlyCount "123"]
[EventDate "2007.07.03"]
[EventType "swiss"]
[EventRounds "7"]
[EventCountry "CAN"]
[SourceTitle "EXT 2022"]
[Source "ChessBase"]
[SourceDate "2021.10.06"]
[SourceVersion "1"]
[SourceVersionDate "2021.10.06"]
[SourceQuality "1"]

1. d4 d6 2. c4 Bf5 3. Nc3 Nc6 4. Nf3 e5 5. dxe5 dxe5 6. Qxd8+ Rxd8 7. e4 Bg6 8. Bg5 f6 9. Be3 Nge7 10. Be2 Nc8 11. 0-0 Nd6 12. Bd3 Bf7 13. b3 Be6 14. Rfd1 f5 15. exf5 Bxf5 16. Bxf5 Nxf5 17. Rxd8+ Kxd8 18. Rd1+ Kc8 19. Bg5 Bb4 20. Nd5 Bc5 21. Nc3 h6 22. Bc1 Rd8 23. Re1 Bb4 24. Bb2 Rd3 25. Rc1 h5 26. Nd5 Ncd4 27. Nxd4 exd4 28. Nxb4 Rd2 29. Ba1 g5 30. Kf1 g4 31. Ke1 Rxf2 32. Kxf2 h4 33. Nd5 g3+ 34. hxg3 hxg3+ 35. Kf3 d3 36. Ne3 d2 37. Rd1 Nh4+ 38. Kxg3 Ng6 39. Rxd2 Ne7 40. Rd8+ Kxd8 41. Bf6 Kd7 42. Bxe7 Kxe7 43. Kf4 a5 44. g4 b6 45. Kf5 c5 46. Nd5+ Kd6 47. Nxb6 Kc6 48. Ke6 Kxb6 49. g5 a4 50. g6 axb3 51. axb3 Ka5 52. Kd5 Kb4 53. g7 Kxb3 54. Kxc5 Kb2 55. g8Q Ka2 56. Kd4 Kb3 57. Qg3+ Kb4 58. Qb8+ Ka3 59. Kc3 Ka4 60. Qb5+ Ka3 61. Qb2+ Ka4 62. Qb4# 1-0